000 00420cam a2200169 4500
001 D12173
008 090401t1922 xxu||||| |||| 00| 0 eng d
035 _a(Sirsi) u94063
041 _aeng
100 _aBotton, Arthur T
245 4 _aThe architecture of Robert and James Adam (1758-1794). Vol 1
260 _aLondon
_bCountry Life
_c1922
350 _a0
520 _aShelf 150
942 _n0
948 _c04/03/1997
999 _c97888
_d97888